McGraw-Hill reading

שמור ב:
מידע ביבליוגרפי
פורמט: ספר
שפה:Undetermined
יצא לאור: New York McGraw-Hill Shool Division 2001
נושאים:
תגים: הוספת תג
אין תגיות, היה/י הראשונ/ה לתייג את הרשומה!
Thư viện lưu trữ: Trung tâm Học liệu Trường Đại học Cần Thơ
LEADER 00532nam a2200193Ia 4500
001 CTU_125732
008 210402s9999 xx 000 0 und d
020 |c 49.95 
082 |a 372.65 
082 |b M147 
245 0 |a McGraw-Hill reading 
245 0 |c James Flood ... [et al.] 
260 |a New York 
260 |b McGraw-Hill Shool Division 
260 |c 2001 
650 |a English language,English language 
650 |x Reading,Study and teaching 
904 |i Giang 
980 |a Trung tâm Học liệu Trường Đại học Cần Thơ